000 01216nam a2200349 i 4500
001 178120
003 ES-MaACL
005 20260526170738.0
008 110518s2009 sp acop |||| |bspa d
020 _a978-84-9888-128-8
080 _a929 Morral, Mateo
080 _a330.862(460)"19"
080 _a94(460)"1902/31"
100 1 _aMasjuan Bracons, Eduard.
_978733
245 1 3 _aUn héroe trágico del anarquismo español
_b: Mateo Morral, 1879-1906 /
_cEduard Masjuan.
250 _a1ª ed.
260 _aBarcelona :
_bIcaria,
_c2009.
300 _a293 p. :
_bil., fot. ;
_c22 cm.
490 1 _aIcaria antrazyt ;
_v311.
_aHistoria
500 _aÍndices.
504 _aBibliografía: p. 279-285.
505 8 _aContiene: Mateo Morral después de la guerra civil
600 1 7 _aMorral, Mateo.
_9146600
600 1 4 _aAlfonso
_bXIII,
_cRey de España-
_xIntentos de asesinato.
_9159162
650 7 _aAnarquismo
_2embne
_99783
650 7 _aAnarquismo-
_zEspaña-
_vHistoria.
_9151458
830 1 _aIcaria antrazyt
_v311.
_9177286
852 _aES-MaACL
_9184979
_bR.145710
_jA-11199
_dOlim: N-4203
_cDEPO1
942 _2udc
_cMONOGRAFIA
999 _c178120
_d178120